000 00721nam a2200205 i 4500
001 82749
003 ES-MaACL
005 20240527195143.0
007 t|
008 041111s1964 sp ||||1| spa d
100 1 _aIdoate, Florencio.
_965049
245 1 0 _aCatálogo documental de la ciudad de Corella /
_cpor Florencio Idoate.
260 _aPamplona :
_bAramburu,
_c1964.
300 _a475 p., 33 lám. ;
_c24 cm.
500 _aPrecede al tít.: Diputación Foral de Navarra. Institución Príncipe de Viana.
710 1 _aNavarra (Comunidad Autónoma).
_bDiputación Foral.
_95984
710 2 _aInstitución Príncipe de Viana
_94730
852 _aES-MaACL
_jC-25864
_bR.54949
999 _c82749
_d82749